000 01387cam a22003252 4500
001 0000000652
005 20151217145721.0
008 070213s xx 000 0 eng d
020 _cKES 450
040 _aKABU
_cKABU
050 0 _aBS195
_b.N37 1984
245 1 4 _aThe Holy Bible :
_bNew International Version containing the Old and New Testament.
260 _aColorado :
_bInternational Bible Society,
_c1984.
300 _aviii, 882, 63 p.
630 0 0 _aBible.
_f1984.
_lEnglish.
_sNew International.
_@0000148925
908 _a070213
950 _@1
999 _c1849
_d1849